| 000 | 00927pam a2200289 a 4500 | ||
|---|---|---|---|
| 001 | 3856905 | ||
| 003 | OSt | ||
| 005 | 20230928073145.0 | ||
| 008 | 880927s1989 stka 001 0 eng c | ||
| 010 | _a 88030240 | ||
| 020 | _a0443036772 | ||
| 040 |
_aDNLM/DLC _cDLC _dDLC |
||
| 050 | 1 | 0 |
_aRJ51.D53 _bF54 1989 |
| 060 | _aWS 141 F453p | ||
| 082 | 0 | 0 |
_aWS141 F453p 1995 _219 |
| 100 | 1 |
_aField, David J.; Isaacs, David; Stroobant, John. _94293 |
|
| 245 | 1 | 0 | _aTutorials in paediatric differential diagnosis |
| 260 |
_aEdinburgh ; _bChurchill Livingstone, _c1989. |
||
| 300 |
_a188 p. : _bill. ; _c25 cm. |
||
| 500 | _aSpine title: Paediatric differential diagnosis. | ||
| 500 | _aIncludes index. | ||
| 650 | 0 |
_aChildren _xDiseases _xDiagnosis. _94294 |
|
| 650 | 0 |
_aDiagnosis, Differential. _91614 |
|
| 740 | 0 | _aPaediatric differential diagnosis. | |
| 906 |
_a7 _bcbc _corignew _d1 _eocip _f19 _gy-gencatlg |
||
| 942 |
_2z _cSLOAN |
||
| 999 |
_c1630 _d1630 |
||